000 00502nam a22001937a 4500
003 MPLRDC
005 20220104124458.0
008 210129b ||||| |||| 00| 0 eng d
020 _a7-5304-0989-1
082 _a308.9 XBS v.7
100 _a陈长至译
245 _a地球真的是梨形的吗
_c
250 _a一版一刷
260 _a
_b北京科学技术出版社
_c1992
300 _b
490 _a小博士知识库. 7
650 _a儿童用科学丛书
942 _cBK
_o308.9 XBS v.7
999 _c19651
_d19641